20 Best Geometry Dash Players - Statistics

General Stats
  • This quiz has been taken 18 times
    5 since last reset
  • The average score is 7 of 20
Answer Stats
Country Answer % Correct
Zoink
100%
Taiago
75%
Trick
75%
wPopoff
75%
Doggie
50%
eastshark
50%
Netermind
50%
Whizkid05
50%
zLevii
50%
kloone
25%
Nickname09
25%
skyzl
25%
Superjavicon
25%
Thnnder
25%
ViperVenom95
25%
iIiLaSeRiIi
0%
Kaza
0%
Laniakea
0%
SnowBallerr
0%
Vorten
0%
No matching quizzes found
Score Distribution
Percent of People with Each Score
Percentile by Number Answered
Your Score History
You have not taken this quiz since the last reset